[Event "Bad Woerishofen op"]
[Site "?"]
[Date "2000.??.??"]
[Round "4"]
[White "Wicklund-Hansen, Richard"]
[Black "Philipp, Guenther"]
[Result "1-0"]
[WhiteElo "2040"]
[BlackElo "1752"]
[Annotator "ChessOrg"]
[PlyCount "53"]
[EventDate "2000.??.??"]
[Source "ChessBase"]
[SourceDate "1998.04.29"]

1. e4 d5 2. exd5 Qxd5 3. d4 Nf6 4. c4 Qd8 5. Nf3 Bg4 6. Be2 e6 7. O-O Be7 8. b3
Nbd7 9. Bb2 O-O 10. h3 Bh5 11. Re1 c6 12. Nbd2 h6 13. Bd3 Re8 14. g4 Nxg4 15.
hxg4 Bxg4 16. Qc2 Bd6 17. Kg2 f5 18. Nf1 Qf6 19. Ng3 Bxf3+ 20. Kxf3 Qh4 21. Rh1
Qg4+ 22. Kg2 Nf6 23. Qe2 Qg5 24. Rag1 Kf7 25. Kf1 Ng4 26. Qf3 g6 27. Ne4 1-0

[Event "Bad Woerishofen op"]
[Site "?"]
[Date "2000.??.??"]
[Round "6"]
[White "Wicklund-Hansen, Richard"]
[Black "Gensbauer, Viktor"]
[Result "1/2-1/2"]
[WhiteElo "2040"]
[BlackElo "1792"]
[Annotator "ChessOrg"]
[PlyCount "57"]
[EventDate "2000.??.??"]
[Source "ChessBase"]
[SourceDate "1998.04.29"]

1. e4 c6 2. d3 e5 3. f4 Qc7 4. fxe5 Qxe5 5. Nf3 Qc7 6. Be2 d5 7. e5 Be7 8. O-O
d4 9. Bf4 Qb6 10. Nbd2 Be6 11. Kh1 h6 12. Ne4 Na6 13. c3 c5 14. cxd4 Rd8 15.
dxc5 Nxc5 16. Be3 Qa5 17. Nxc5 Bxc5 18. d4 Ne7 19. a3 Bb6 20. Qc2 O-O 21. Rac1
Rc8 22. Qd2 Qxd2 23. Nxd2 Nf5 24. Bg1 Bxd4 25. Bxd4 Nxd4 26. Bc4 b6 27. Ba6
Rxc1 28. Rxc1 Rd8 29. Ne4 1/2-1/2

[Event "Bad Woerishofen op"]
[Site "?"]
[Date "2000.??.??"]
[Round "8"]
[White "Wicklund-Hansen, Richard"]
[Black "Schmidt, Werner"]
[Result "0-1"]
[WhiteElo "2040"]
[BlackElo "1840"]
[Annotator "ChessOrg"]
[PlyCount "106"]
[EventDate "2000.??.??"]
[Source "ChessBase"]
[SourceDate "1998.04.29"]

1. e4 e5 2. Nf3 Nc6 3. g3 Nf6 4. d3 d5 5. exd5 Nxd5 6. Bg2 Be7 7. O-O Bg4 8. c3
Qd7 9. Re1 O-O-O 10. Qc2 Rhe8 11. Nxe5 Nxe5 12. Rxe5 Bg5 13. Rxe8 Rxe8 14. Bd2
Re2 15. Qb3 Bxd2 16. Nxd2 Nb6 17. Nc4 Qf5 18. Nxb6+ axb6 19. Rf1 Qxd3 20. Qxf7
c6 21. Qf8+ Qd8 22. Qxg7 Qd7 23. Qf8+ Kc7 24. Qf4+ Kc8 25. Qb4 Kc7 26. c4 Qd4
27. h3 Bd7 28. b3 Rxa2 29. Qe1 Rb2 30. Qe4 Qxe4 31. Bxe4 Rxb3 32. Bxh7 Bxh3 33.
Re1 Kd6 34. Bg8 Rb2 35. Kh2 Bg4 36. Kg2 Be2 37. Kh3 Kc5 38. f4 Bxc4 39. Re5+
Bd5 40. Bxd5 cxd5 41. f5 Rf2 42. g4 b5 43. g5 Kd4 44. Re7 Rxf5 45. Kg4 Rf1 46.
Rxb7 Kc4 47. g6 b4 48. Kh5 b3 49. Rc7+ Kd4 50. g7 Rg1 51. Kh6 b2 52. Rb7 b1=Q
53. g8=Q Qc1+ 0-1

[Event "Bad Woerishofen op"]
[Site "?"]
[Date "2000.??.??"]
[Round "2"]
[White "Wieprecht, Gerhard"]
[Black "Wunderer, Eckart"]
[Result "1-0"]
[WhiteElo "1855"]
[BlackElo "2106"]
[Annotator "ChessOrg"]
[PlyCount "65"]
[EventDate "2000.??.??"]
[Source "ChessBase"]
[SourceDate "1998.04.29"]

1. e4 Nc6 2. Nf3 e5 3. Bb5 Nf6 4. O-O Be7 5. d4 Nxe4 6. Qe2 Nd6 7. Bxc6 bxc6 8.
dxe5 Nf5 9. Nc3 O-O 10. Rd1 d5 11. exd6 cxd6 12. Bf4 Be6 13. Ne4 d5 14. c4 Qb6
15. Neg5 Bxg5 16. Nxg5 Nd4 17. Qd3 Nf5 18. g4 dxc4 19. Qc2 h6 20. Nxe6 Nh4 21.
Nxf8 Rxf8 22. Qc3 c5 23. Bg3 Ng6 24. Rd6 Qb7 25. Rad1 Qe4 26. f3 Qe7 27. Rd7
Qg5 28. R1d5 Nf4 29. Bxf4 Qxf4 30. Rd8 Rxd8 31. Rxd8+ Kh7 32. Qc2+ g6 33. Qc3
1-0

[Event "Bad Woerishofen op"]
[Site "?"]
[Date "2000.??.??"]
[Round "4"]
[White "Wieprecht, Gerhard"]
[Black "Servaty, Rudolf"]
[Result "0-1"]
[WhiteElo "1855"]
[BlackElo "2274"]
[Annotator "ChessOrg"]
[PlyCount "100"]
[EventDate "2000.??.??"]
[Source "ChessBase"]
[SourceDate "1998.04.29"]

1. e4 c5 2. Nf3 e6 3. d4 cxd4 4. Nxd4 Nc6 5. Nc3 a6 6. Be2 Qc7 7. O-O Nf6 8.
Be3 Bb4 9. f3 O-O 10. a3 Bxc3 11. bxc3 d6 12. Qe1 Ne5 13. Bg5 Ned7 14. a4 b6
15. Kh1 Bb7 16. Rb1 d5 17. exd5 Bxd5 18. Bd3 Rfc8 19. Ne2 h6 20. Bd2 Bc4 21.
Bxc4 Qxc4 22. Rb4 Qc6 23. Qh4 Kf8 24. Rd1 e5 25. Bxh6 gxh6 26. Qxh6+ Ke7 27.
Ng3 Qe6 28. Qe3 Rg8 29. Qd3 Rxg3 30. hxg3 b5 31. axb5 a5 32. Ra4 Qb6 33. Rh4 a4
34. c4 a3 35. Ra1 a2 36. Qc3 Qf2 37. Rh3 e4 38. Qb4+ Ke6 39. fxe4 Nxe4 40. Qb3
Ndc5 41. Qf3 Qd4 42. Rh6+ Ke7 43. c3 Qg7 44. Qe3 Qxc3 45. Qxc3 Nxc3 46. Rc6 Ne2
47. Rh6 Nb3 48. Rh4 Nxa1 49. Re4+ Kd6 50. Rxe2 Nb3 0-1

[Event "Bad Woerishofen op"]
[Site "?"]
[Date "2000.??.??"]
[Round "6"]
[White "Wieprecht, Gerhard"]
[Black "Philipp, Guenther"]
[Result "1/2-1/2"]
[WhiteElo "1855"]
[BlackElo "1752"]
[Annotator "ChessOrg"]
[PlyCount "120"]
[EventDate "2000.??.??"]
[Source "ChessBase"]
[SourceDate "1998.04.29"]

1. e4 d5 2. exd5 Qxd5 3. Nc3 Qa5 4. d4 c6 5. Nf3 Nf6 6. Bd3 Bg4 7. Qe2 Nbd7 8.
O-O Qh5 9. Bf4 Bxf3 10. gxf3 e6 11. Rfe1 Be7 12. Rad1 Nb6 13. Ne4 O-O-O 14. c3
Nfd5 15. Bg3 g5 16. Nd2 Nf4 17. Bxf4 gxf4 18. Kh1 Rhg8 19. Rg1 Nd5 20. Rxg8
Rxg8 21. Rg1 Rxg1+ 22. Kxg1 Qg5+ 23. Kh1 h6 24. Qf1 Kd7 25. Qg2 f5 26. Qxg5
hxg5 27. Kg2 Nb6 28. b3 Ba3 29. h4 gxh4 30. Kh3 Be7 31. Nc4 Nxc4 32. Bxc4 Kd6
33. Bd3 c5 34. dxc5+ Kxc5 35. Bc4 Kd6 36. Bd3 Ke5 37. Bc4 Bf6 38. Bd3 Kd6 39.
Bc4 a6 40. Bd3 Ke5 41. a4 Be7 42. Bc4 Kf6 43. b4 Ke5 44. b5 axb5 45. Bxb5 Kd6
46. a5 e5 47. a6 bxa6 48. Bxa6 e4 49. fxe4 fxe4 50. Bb7 Ke5 51. f3 e3 52. Ba6
Bf6 53. Be2 Kd5 54. Kg4 h3 55. Kxh3 Bxc3 56. Kg4 Ke5 57. Ba6 Be1 58. Bb5 Bg3
59. Kh3 Kd4 60. Kg2 Kc3 1/2-1/2

[Event "Bad Woerishofen op"]
[Site "?"]
[Date "2000.??.??"]
[Round "8"]
[White "Wieprecht, Gerhard"]
[Black "Litterst, Reinhard"]
[Result "1/2-1/2"]
[WhiteElo "1855"]
[BlackElo "1940"]
[Annotator "ChessOrg"]
[PlyCount "76"]
[EventDate "2000.??.??"]
[Source "ChessBase"]
[SourceDate "1998.04.29"]

1. e4 c5 2. Nf3 d6 3. d4 cxd4 4. Nxd4 Nf6 5. Nc3 a6 6. Bg5 Nbd7 7. Qd2 e6 8.
O-O-O Be7 9. Be2 Nc5 10. f3 Bd7 11. Nb3 Nxb3+ 12. cxb3 Rc8 13. Kb1 Bc6 14. Bf4
e5 15. Be3 h6 16. Bc4 Qc7 17. Rc1 Qb8 18. Rhd1 b5 19. Bd5 O-O 20. Bxc6 Rxc6 21.
g4 Nh7 22. Nd5 Rxc1+ 23. Rxc1 Bg5 24. Bxg5 Nxg5 25. Qg2 Qd8 26. Ne3 Ne6 27. Nf5
Re8 28. Rd1 Nf4 29. Qd2 Qc7 30. Qxd6 Qxd6 31. Rxd6 Re6 32. Rxe6 Nxe6 33. Kc2 g6
34. Ne7+ Kf8 35. Nc6 f6 36. Kd3 Ke8 37. b4 Nc7 38. Na5 Kd7 1/2-1/2

[Event "Bad Woerishofen op"]
[Site "?"]
[Date "2000.??.??"]
[Round "2"]
[White "Wild, Gerhard"]
[Black "Storkebaum, Karl-Heinz"]
[Result "1/2-1/2"]
[WhiteElo "1973"]
[BlackElo "1830"]
[Annotator "ChessOrg"]
[PlyCount "60"]
[EventDate "2000.??.??"]
[Source "ChessBase"]
[SourceDate "1998.04.29"]

1. d4 Nf6 2. c4 e6 3. Nc3 d5 4. Nf3 Be7 5. Bg5 O-O 6. Rc1 b6 7. cxd5 exd5 8. e3
Nbd7 9. Bd3 Bb7 10. O-O c5 11. Bb1 Rc8 12. h3 Re8 13. Bf5 g6 14. Bb1 Nf8 15.
Ne5 Ne6 16. Bh4 cxd4 17. exd4 Nh5 18. Bxe7 Qxe7 19. Re1 a6 20. Nf3 Qb4 21. Qd2
b5 22. g3 Qd6 23. Re5 Nf6 24. Rce1 b4 25. Nd1 Ne4 26. Qh6 f6 27. Rxe6 Rxe6 28.
Kg2 Qf8 29. Qf4 Kg7 30. Ne3 f5 1/2-1/2

[Event "Bad Woerishofen op"]
[Site "?"]
[Date "2000.??.??"]
[Round "5"]
[White "Wild, Gerhard"]
[Black "Fischer, Ernst"]
[Result "1-0"]
[WhiteElo "1973"]
[BlackElo "2198"]
[Annotator "ChessOrg"]
[PlyCount "45"]
[EventDate "2000.??.??"]
[Source "ChessBase"]
[SourceDate "1998.04.29"]

1. d4 d5 2. Nf3 Nc6 3. c4 Bg4 4. e3 e5 5. Be2 e4 6. cxd5 Qxd5 7. Nc3 Bb4 8. Nd2
Bxc3 9. bxc3 Bxe2 10. Qxe2 Nge7 11. O-O O-O 12. c4 Qf5 13. f3 exf3 14. Nxf3 Qe4
15. Bb2 Nf5 16. Rae1 Rfe8 17. d5 Nb4 18. Ng5 Qd3 19. Qh5 f6 20. Qxh7+ Kf8 21.
Rxf5 Rxe3 22. Rxf6+ Ke8 23. Qg8+ 1-0

[Event "Bad Woerishofen op"]
[Site "?"]
[Date "2000.??.??"]
[Round "6"]
[White "Wild, Gerhard"]
[Black "Bierwisch, Bernhard"]
[Result "0-1"]
[WhiteElo "1973"]
[BlackElo "2109"]
[Annotator "ChessOrg"]
[PlyCount "104"]
[EventDate "2000.??.??"]
[Source "ChessBase"]
[SourceDate "1998.04.29"]

1. d4 Nf6 2. Nf3 g6 3. c4 d6 4. h3 Bg7 5. Nc3 Nbd7 6. e4 e5 7. d5 Nc5 8. Qc2 a5
9. Be3 b6 10. Be2 Bd7 11. O-O Nh5 12. Rfe1 O-O 13. Nh2 Nf4 14. Bf1 f5 15. f3
Bf6 16. Rad1 Bh4 17. Bf2 Bxf2+ 18. Qxf2 fxe4 19. Nxe4 Nxe4 20. Rxe4 Bf5 21.
Ree1 Qg5 22. Kh1 Bd7 23. Rd2 Rae8 24. Qe3 h5 25. Bd3 Kg7 26. Be4 Re7 27. Qf2 h4
28. Qe3 Ref7 29. Qf2 Bf5 30. Qe3 Qd8 31. Qf2 Nh5 32. Nf1 Qg5 33. Qe3 Kh6 34.
Qxg5+ Kxg5 35. Kg1 Nf6 36. Rde2 Bxe4 37. fxe4 Nh5 38. Rc2 Rf4 39. Nd2 Ng3 40.
Rc3 Kh5 41. Rf3 g5 42. a3 g4 43. hxg4+ Kxg4 44. Ree3 Rxf3 45. Nxf3 Kf4 46. Re1
h3 47. Nd2 Rg8 48. b4 axb4 49. axb4 hxg2 50. c5 bxc5 51. bxc5 dxc5 52. Kf2 Ne2
0-1

[Event "Bad Woerishofen op"]
[Site "Bad Woerishofen"]
[Date "2000.??.??"]
[Round "9"]
[White "Wild, Gerhard"]
[Black "Margraf, Achim"]
[Result "1/2-1/2"]
[WhiteElo "1973"]
[BlackElo "1883"]
[Annotator "ChessOrg"]
[PlyCount "38"]
[EventDate "1998.03.05"]
[Source "ChessBase"]
[SourceDate "1998.04.29"]

1. d4 Nf6 2. Nf3 b6 3. c4 e6 4. Nc3 Bb4 5. e3 Bb7 6. Bd3 d5 7. O-O Nbd7 8. a3
Bxc3 9. bxc3 O-O 10. cxd5 exd5 11. c4 Ba6 12. Qc2 Bxc4 13. Bxc4 dxc4 14. Qxc4
c5 15. Bb2 cxd4 16. exd4 Rc8 17. Qb3 Ne4 18. h3 Ndf6 19. Rac1 Qd5 1/2-1/2

[Event "Bad Woerishofen op"]
[Site "?"]
[Date "2000.??.??"]
[Round "1"]
[White "Winkler, Hans"]
[Black "Frantzke, Helmut"]
[Result "0-1"]
[WhiteElo "1600"]
[BlackElo "1869"]
[Annotator "ChessOrg"]
[PlyCount "120"]
[EventDate "2000.??.??"]
[Source "ChessBase"]
[SourceDate "1998.04.29"]

1. c4 g6 2. Nc3 Bg7 3. d4 d6 4. Nf3 Bg4 5. e4 Nc6 6. d5 Nd4 7. Qa4+ Bd7 8. Qd1
c5 9. dxc6 Nxc6 10. Qc2 f5 11. Nd5 fxe4 12. Qxe4 Bf5 13. Qh4 Nf6 14. Bh6 Bxh6
15. Qxh6 Nxd5 16. cxd5 Qa5+ 17. Qd2 Qxd2+ 18. Kxd2 Nb4 19. Bb5+ Kf7 20. Bc4 a5
21. a3 Na6 22. Rac1 Nc5 23. Rhe1 b5 24. Bxb5 Nb3+ 25. Ke3 Nxc1 26. Rxc1 h6 27.
h3 h5 28. Kf4 Rhc8 29. Rc3 Rxc3 30. bxc3 Rc8 31. c4 Bd3 32. Nd2 e5+ 33. Ke3 Bc2
34. a4 Kf6 35. Ne4+ Bxe4 36. Kxe4 Kg5 37. g3 h4 38. f4+ exf4 39. gxf4+ Kf6 40.
Kf3 g5 41. Kg4 gxf4 42. Kxf4 Rg8 43. Bd7 Rg3 44. Ke4 Rc3 45. Kd4 Rc1 46. Bg4
Ke7 47. Bf5 Ra1 48. Kc3 Rxa4 49. Kb3 Rb4+ 50. Kc3 Rb8 51. Bc2 Kf6 52. Kd4 Rb4
53. Kc3 Ke5 54. Bb3 Rb8 55. Bd1 Rg8 56. Kb3 Rg3+ 57. Ka4 Rxh3 58. Kxa5 Rd3 59.
Bg4 h3 60. Bxh3 Rxh3 0-1

[Event "Bad Woerishofen op"]
[Site "?"]
[Date "2000.??.??"]
[Round "3"]
[White "Winkler, Hans"]
[Black "Borger, Martin"]
[Result "1-0"]
[WhiteElo "1600"]
[BlackElo "1760"]
[Annotator "ChessOrg"]
[PlyCount "79"]
[EventDate "2000.??.??"]
[Source "ChessBase"]
[SourceDate "1998.04.29"]

1. c4 e5 2. Nc3 Nf6 3. Nf3 d6 4. d4 exd4 5. Nxd4 Be7 6. g3 O-O 7. Bg2 h6 8. O-O
c6 9. Qc2 Re8 10. b3 Na6 11. a3 Qc7 12. Bb2 Bf8 13. Rad1 Nc5 14. e3 Ne6 15. Nf5
Ng5 16. h4 Ngh7 17. Nd4 Bd7 18. Nf5 g6 19. Nd4 Rad8 20. Ne4 Nxe4 21. Bxe4 Bh3
22. Rfe1 Bg7 23. Bh1 Qd7 24. Rd2 g5 25. Be4 Nf6 26. Bf5 Bxf5 27. Nxf5 Re6 28.
hxg5 hxg5 29. e4 Ne8 30. e5 f6 31. f4 fxe5 32. fxe5 Qf7 33. Rf1 Qh5 34. Rh2 Qf7
35. Nh6+ Bxh6 36. Rxf7 Kxf7 37. Qf5+ Ke7 38. Rf2 Kd7 39. Qf7+ Re7 40. e6+ 1-0

[Event "Bad Woerishofen op"]
[Site "?"]
[Date "2000.??.??"]
[Round "5"]
[White "Winkler, Hans"]
[Black "von Hoesslin, Holger"]
[Result "0-1"]
[WhiteElo "1600"]
[BlackElo "1800"]
[Annotator "ChessOrg"]
[PlyCount "96"]
[EventDate "2000.??.??"]
[Source "ChessBase"]
[SourceDate "1998.04.29"]

1. c4 Nf6 2. Nc3 g6 3. g3 Bg7 4. Bg2 d6 5. e4 O-O 6. Nge2 c5 7. O-O a6 8. d3
Nc6 9. a3 Qc7 10. Rb1 Be6 11. Be3 Rab8 12. f4 Qc8 13. Nd5 Bh3 14. b4 Bxg2 15.
Kxg2 b6 16. Qd2 Ng4 17. Bg1 e6 18. Ne3 Nxe3+ 19. Bxe3 Qc7 20. f5 exf5 21. exf5
Qe7 22. Nf4 Bd4 23. Nd5 Qd8 24. f6 Kh8 25. Bxd4 Nxd4 26. Qh6 Ne6 27. Rbe1 Rg8
28. Ne7 Qd7 29. Nd5 b5 30. Re4 g5 31. Ne7 bxc4 32. Nxg8 Rxg8 33. dxc4 Qc6 34.
Rfe1 Rg6 35. Qxg6 hxg6 36. Kf2 Kg8 37. R4e3 cxb4 38. axb4 Qxc4 39. Re4 Qc2+ 40.
R1e2 Qc3 41. Kg2 Qxf6 42. Ra2 d5 43. Ree2 g4 44. Rf2 Qd4 45. Rab2 Qe4+ 46. Kg1
Ng5 47. Kf1 Nf3 48. Rbe2 Qb1+ 0-1

[Event "Bad Woerishofen op"]
[Site "?"]
[Date "2000.??.??"]
[Round "8"]
[White "Winkler, Hans"]
[Black "Gruenke, Guenter"]
[Result "1-0"]
[WhiteElo "1600"]
[BlackElo "1786"]
[Annotator "ChessOrg"]
[PlyCount "35"]
[EventDate "2000.??.??"]
[Source "ChessBase"]
[SourceDate "1998.04.29"]

1. c4 e5 2. Nc3 Nc6 3. Nf3 f5 4. d3 Nf6 5. Bg5 Be7 6. g3 d6 7. Bg2 Be6 8. O-O
O-O 9. Ne1 Rb8 10. Nc2 a6 11. f4 exf4 12. Bxf4 Ne5 13. e4 Ng6 14. Bxd6 Qxd6 15.
exf5 Qb6+ 16. Kh1 Bxf5 17. Rxf5 Qxb2 18. Na4 1-0

[Event "Bad Woerishofen op"]
[Site "?"]
[Date "2000.??.??"]
[Round "2"]
[White "Wohlfart, Karl-Heinz"]
[Black "Richter, Gerhard"]
[Result "1/2-1/2"]
[WhiteElo "1744"]
[BlackElo "1926"]
[Annotator "ChessOrg"]
[PlyCount "61"]
[EventDate "2000.??.??"]
[Source "ChessBase"]
[SourceDate "1998.04.29"]

1. Nf3 d6 2. g3 f5 3. d4 Nf6 4. Bg2 g6 5. O-O Bg7 6. c4 O-O 7. Nc3 Qe8 8. d5 a5
9. Qc2 Na6 10. Be3 Bd7 11. Rad1 Rb8 12. Ba7 Rc8 13. Be3 h6 14. h4 b6 15. Nd4
Nc5 16. b3 Ng4 17. Bc1 Ne5 18. Be3 Qf7 19. Bf4 Qf6 20. Qd2 Nf7 21. Ncb5 g5 22.
hxg5 hxg5 23. Be3 Bh6 24. f4 g4 25. Na7 Ra8 26. Nac6 Nd8 27. Nb5 Na6 28. Bd4
Qf7 29. Qe3 Bxc6 30. dxc6 e6 31. Bxb6 1/2-1/2

[Event "Bad Woerishofen op"]
[Site "?"]
[Date "2000.??.??"]
[Round "4"]
[White "Wohlfart, Karl-Heinz"]
[Black "Ruth, Walter"]
[Result "1/2-1/2"]
[WhiteElo "1744"]
[BlackElo "1859"]
[Annotator "ChessOrg"]
[PlyCount "108"]
[EventDate "2000.??.??"]
[Source "ChessBase"]
[SourceDate "1998.04.29"]

1. Nf3 Nf6 2. g3 d5 3. Bg2 e6 4. O-O Be7 5. d3 O-O 6. Nbd2 c5 7. e4 Nc6 8. Re1
Qc7 9. e5 Nd7 10. Qe2 b6 11. Nf1 Bb7 12. h4 Rac8 13. c3 Rfe8 14. Bf4 b5 15.
N1h2 Qa5 16. Ng4 c4 17. d4 b4 18. Bd2 Rb8 19. Ne3 bxc3 20. Bxc3 Qb6 21. Nxd5
exd5 22. e6 Bf6 23. exf7+ Kxf7 24. Ng5+ Bxg5 25. Qh5+ Kf8 26. Bxd5 Nce5 27.
Bxb7 Qxb7 28. dxe5 Be7 29. Qxh7 Bb4 30. Qh8+ Ke7 31. Qxg7+ Kd8 32. e6 Bxc3 33.
Qxc3 Nb6 34. Rad1+ Kc8 35. b3 Qc6 36. Qe5 Kb7 37. bxc4 Nxc4 38. Qg7+ Ka8 39.
Rd7 Qb6 40. Rc1 Rg8 41. Qd4 Qxd4 42. Rxd4 Ne5 43. Kg2 Rge8 44. Rd6 Rb2 45. Rc7
Kb8 46. Rg7 Rxa2 47. Rd5 Nc6 48. Rd6 Rc2 49. Kh3 a5 50. f4 a4 51. f5 a3 52. Rd3
a2 53. Rb3+ Kc8 54. Ra3 Kb8 1/2-1/2

[Event "Bad Woerishofen op"]
[Site "?"]
[Date "2000.??.??"]
[Round "6"]
[White "Wohlfart, Karl-Heinz"]
[Black "Krueger, Manfred"]
[Result "1-0"]
[WhiteElo "1744"]
[BlackElo "1250"]
[Annotator "ChessOrg"]
[PlyCount "63"]
[EventDate "2000.??.??"]
[Source "ChessBase"]
[SourceDate "1998.04.29"]

1. Nf3 d5 2. g3 c5 3. Bg2 Nc6 4. O-O e5 5. d3 Be7 6. Nbd2 Nf6 7. e4 d4 8. Nc4
Qc7 9. Ne1 b5 10. Na3 a6 11. f4 Bd6 12. Nf3 exf4 13. e5 fxg3 14. exd6 gxh2+ 15.
Nxh2 Qxd6 16. Bf4 Qd7 17. Re1+ Kd8 18. Qf3 Bb7 19. Bh3 Qd5 20. Qg3 Ne7 21. Bc7+
Ke8 22. Bd6 Nfg8 23. Re4 Qh5 24. Re5 Qh6 25. Bxc5 f6 26. Re2 Qg6 27. Qg4 Qxg4+
28. Bxg4 Rd8 29. Rae1 Rd5 30. Bxe7 Nxe7 31. Rxe7+ Kd8 32. Rxb7 1-0

[Event "Bad Woerishofen op"]
[Site "Bad Woerishofen"]
[Date "2000.??.??"]
[Round "9"]
[White "Wohlfart, Karl-Heinz"]
[Black "Schratzenstaller, Andreas"]
[Result "0-1"]
[WhiteElo "1744"]
[BlackElo "1828"]
[Annotator "ChessOrg"]
[PlyCount "48"]
[EventDate "1998.03.05"]
[Source "ChessBase"]
[SourceDate "1998.04.29"]

1. Nf3 d5 2. g3 b6 3. Bg2 Bb7 4. O-O Nf6 5. c4 e6 6. Nc3 Be7 7. d3 O-O 8. cxd5
Nxd5 9. Bd2 c5 10. Rc1 Nc6 11. a3 Rc8 12. Qa4 Bf6 13. Qg4 Nxc3 14. Bxc3 Bxc3
15. Rxc3 Qf6 16. e3 Rfd8 17. Rfc1 Rc7 18. d4 Rcd7 19. b4 cxd4 20. exd4 Nxd4 21.
Nxd4 Rxd4 22. Qe2 Rd2 23. Qe1 Qxc3 24. Bxb7 Qxc1 0-1

[Event "Bad Woerishofen op"]
[Site "?"]
[Date "2000.??.??"]
[Round "1"]
[White "Wulf, Adalbert"]
[Black "Schmidt, Erhard"]
[Result "1/2-1/2"]
[WhiteElo "1790"]
[BlackElo "2208"]
[Annotator "ChessOrg"]
[PlyCount "103"]
[EventDate "2000.??.??"]
[Source "ChessBase"]
[SourceDate "1998.04.29"]

1. d4 d5 2. c4 c6 3. e3 Nf6 4. Nc3 Bf5 5. Nf3 e6 6. Bd3 Bxd3 7. Qxd3 Bd6 8. b3
Nbd7 9. Bb2 O-O 10. O-O Rc8 11. cxd5 exd5 12. e4 dxe4 13. Nxe4 Nxe4 14. Qxe4
Nf6 15. Qf5 Nd5 16. g3 Qf6 17. Qxf6 Nxf6 18. Rfe1 Bb4 19. Re2 Rfe8 20. Ne5 Nd5
21. Rc2 f6 22. Nd3 Bd6 23. a3 Re7 24. Re1 Rce8 25. Rxe7 Rxe7 26. Kg2 Kf7 27.
Kf3 Nc7 28. Nc5 Ne6 29. Nxe6 Rxe6 30. Re2 Rxe2 31. Kxe2 Ke6 32. Ke3 Kf5 33. h3
h5 34. Kf3 Ke6 35. g4 hxg4+ 36. hxg4 Kd5 37. Ke3 c5 38. Kd3 a6 39. dxc5 Bxc5
40. f3 Bd6 41. a4 b5 42. axb5 axb5 43. Bc1 Ke5 44. Bd2 Bc5 45. Bc1 Kd5 46. Bd2
Bd4 47. Bb4 g6 48. Ba3 Ba1 49. Bb4 Ke5 50. Bd2 g5 51. Bc1 Bd4 52. Bd2 1/2-1/2

[Event "Bad Woerishofen op"]
[Site "?"]
[Date "2000.??.??"]
[Round "3"]
[White "Wulf, Adalbert"]
[Black "Bartlitz, Heinz"]
[Result "1-0"]
[WhiteElo "1790"]
[BlackElo "1614"]
[Annotator "ChessOrg"]
[PlyCount "79"]
[EventDate "2000.??.??"]
[Source "ChessBase"]
[SourceDate "1998.04.29"]

1. d4 d6 2. c4 f5 3. Nc3 Nf6 4. Nf3 g6 5. Qc2 Bg7 6. g3 O-O 7. Bg2 Qe8 8. d5 a5
9. O-O Na6 10. Be3 Bd7 11. Rac1 c6 12. Qb1 c5 13. Ng5 Nc7 14. h4 h6 15. Nh3 Rb8
16. Qc2 b5 17. cxb5 Nxb5 18. Nxb5 Bxb5 19. Qd2 Kh7 20. Nf4 Bd7 21. Qc2 Ng4 22.
b3 Nxe3 23. fxe3 e5 24. dxe6 Bxe6 25. g4 Bd7 26. Qd3 Qe5 27. h5 Be8 28. Nxg6
Bxg6 29. hxg6+ Kxg6 30. gxf5+ Kf6 31. Rc4 Rb4 32. Rf3 Rh8 33. Kf2 Ke7 34. Rff4
Kf6 35. Rg4 Rxc4 36. bxc4 Rd8 37. Re4 Qh2 38. Qd5 Re8 39. Rxe8 Qh5 40. Kf1 1-0

[Event "Bad Woerishofen op"]
[Site "?"]
[Date "2000.??.??"]
[Round "5"]
[White "Wulf, Adalbert"]
[Black "Malik, Heinz"]
[Result "1/2-1/2"]
[WhiteElo "1790"]
[BlackElo "1708"]
[Annotator "ChessOrg"]
[PlyCount "99"]
[EventDate "2000.??.??"]
[Source "ChessBase"]
[SourceDate "1998.04.29"]

1. d4 d5 2. c4 e6 3. Nf3 Nf6 4. Nc3 Be7 5. Bg5 O-O 6. e3 b6 7. Bd3 Bb7 8. cxd5
Nxd5 9. Bxe7 Qxe7 10. O-O Nd7 11. Rc1 h6 12. Nxd5 Bxd5 13. Rxc7 Rfc8 14. Rxc8+
Rxc8 15. a3 Nf6 16. Ne5 Rc7 17. Re1 Be4 18. Qe2 Bxd3 19. Nxd3 Qd7 20. Rc1 Rxc1+
21. Nxc1 Qc6 22. Nd3 a5 23. h3 g6 24. g3 Kg7 25. Ne5 Qc7 26. Kg2 Nd7 27. Nd3
Nf6 28. Qf3 Nd7 29. Qd1 h5 30. Nf4 Nf6 31. Qb1 Qc6+ 32. f3 Nd5 33. Nxd5 Qxd5
34. Qc2 Qd6 35. h4 f5 36. Qc3 Kf7 37. e4 fxe4 38. fxe4 Qd7 39. Qc4 Ke7 40. Kf3
e5 41. d5 Qg4+ 42. Kg2 Qd7 43. Qc3 Kd6 44. Kf2 Qa4 45. Ke3 Qd7 46. Qc2 b5 47.
Kd2 Qb7 48. a4 bxa4 49. Qxa4 Qxb2+ 50. Kd3 1/2-1/2

[Event "Bad Woerishofen op"]
[Site "?"]
[Date "2000.??.??"]
[Round "6"]
[White "Wulf, Adalbert"]
[Black "Manfeldt, Alfred"]
[Result "1/2-1/2"]
[WhiteElo "1790"]
[BlackElo "1723"]
[Annotator "ChessOrg"]
[PlyCount "102"]
[EventDate "2000.??.??"]
[Source "ChessBase"]
[SourceDate "1998.04.29"]

1. d4 e6 2. Nf3 b6 3. Bg5 Be7 4. Bxe7 Qxe7 5. a3 Nf6 6. e3 Bb7 7. Bd3 d6 8. O-O
O-O 9. Qe2 Nbd7 10. Ba6 Bxa6 11. Qxa6 c5 12. Qe2 e5 13. dxe5 dxe5 14. e4 Rad8
15. Nc3 Nb8 16. Rad1 Nc6 17. Nd5 Nxd5 18. exd5 Na5 19. Rfe1 f6 20. Qe4 Nb7 21.
c4 Nd6 22. Qc2 Qd7 23. h3 Rde8 24. Re2 Re7 25. Rde1 Rfe8 26. Nd2 Nf5 27. Qd3
Nd4 28. Re3 Qf5 29. Qxf5 Nxf5 30. g4 Nxe3 31. fxe3 e4 32. Nf1 g6 33. Ng3 Re5
34. Rf1 Kg7 35. h4 Rf8 36. Kg2 f5 37. gxf5 gxf5 38. Rf4 Kf6 39. Kh3 Rg8 40. Rf2
Kg6 41. Kh2 a6 42. a4 b5 43. b3 bxc4 44. bxc4 Rb8 45. Rd2 Rb3 46. d6 Re8 47. d7
Rd8 48. Rd6+ Kf7 49. Nxf5 Rd3 50. Rc6 R8xd7 51. Kg3 Ke8 1/2-1/2

[Event "Bad Woerishofen op"]
[Site "Bad Woerishofen"]
[Date "2000.??.??"]
[Round "9"]
[White "Wulf, Adalbert"]
[Black "Winkler, Hans"]
[Result "1-0"]
[WhiteElo "1790"]
[BlackElo "1600"]
[Annotator "ChessOrg"]
[PlyCount "61"]
[EventDate "1998.03.05"]
[Source "ChessBase"]
[SourceDate "1998.04.29"]

1. d4 Nf6 2. Nf3 c5 3. e3 e6 4. Bd3 Nc6 5. a3 d5 6. c4 cxd4 7. exd4 dxc4 8.
Bxc4 Bd6 9. Nc3 O-O 10. O-O a6 11. a4 Qc7 12. Qe2 Na5 13. Ba2 Re8 14. Bg5 Be7
15. Rad1 h6 16. Bh4 Bd7 17. Ne5 Nc6 18. Bg3 Bd6 19. Rfe1 Nb4 20. Bb1 Bc6 21.
Nxc6 Qxc6 22. Be5 Nfd5 23. Ne4 Bxe5 24. dxe5 Nf4 25. Qg4 Ng6 26. Nd6 Nd5 27.
Nxf7 Nxe5 28. Nxe5 Qc8 29. Qg6 Ne7 30. Qf7+ Kh8 31. Rd7 1-0

[Event "Bad Woerishofen op"]
[Site "?"]
[Date "2000.??.??"]
[Round "1"]
[White "Wunderer, Eckart"]
[Black "Borger, Martin"]
[Result "1-0"]
[WhiteElo "2110"]
[BlackElo "1760"]
[Annotator "ChessOrg"]
[PlyCount "41"]
[EventDate "2000.??.??"]
[Source "ChessBase"]
[SourceDate "1998.04.29"]

1. e4 e5 2. d4 exd4 3. Qxd4 d6 4. Nc3 Nc6 5. Qe3 Nf6 6. Bd2 Be7 7. O-O-O a6 8.
f4 Bg4 9. Nf3 Bxf3 10. gxf3 Qb8 11. e5 dxe5 12. fxe5 Nd7 13. f4 Qa7 14. Qg3 g6
15. Bc4 f5 16. exf6 Nxf6 17. Be3 Qb8 18. Rhe1 Qc8 19. Bc5 Qf5 20. Bxe7 Nxe7 21.
Qe3 1-0